000 00229nam a22000857a 4500
008 160704b xxu||||| |||| 00| 0 eng d
100 _92067
_a Sharma, R.D
245 _aThe Story of Rice
260 _aNew Delhi
_bNational Book Trust
_c1991
999 _c1764
_d1764